| 000 | 00487cam a2200193 4500 | ||
|---|---|---|---|
| 001 | D1555 | ||
| 008 | 090401t1980 xxu||||| |||| 00| 0 eng d | ||
| 035 | _a(Sirsi) u64543 | ||
| 041 | _aeng | ||
| 050 | _a526.98 | ||
| 100 | _aBooth, J.R.S. | ||
| 245 | _aPublic boundaries and the Ordnance Survey, 1840 - 1980 | ||
| 260 |
_aSouthampton, Hants _bOrdnance Survey _c1980 |
||
| 300 | _a451p. 29cm | ||
| 350 | _a18.7 | ||
| 700 | _aPowell, R.A.G (ed) | ||
| 942 | _n0 | ||
| 948 | _c04/03/1997 | ||
| 999 |
_c94686 _d94686 |
||